[Event "Mechanics' Fall TNM; 30/90, SD/30"]
[Site "San Francisco"]
[Date "2010.11.02"]
[Round "3.14"]
[White "Somerville, Kenneth"]
[Black "Wang, Yuan"]
[Result "0-1"]
[WhiteElo "1698"]
[BlackElo "1894"]
[PlyCount "68"]
[EventDate "2010.??.??"]

1. e4 c5 2. Nf3 d6 3. c3 Nf6 4. Bd3 Nc6 5. Bc2 Bg4 6. d3 g6 7. Be3 Bg7 8. h3
Bxf3 9. Qxf3 Qb6 10. Bb3 O-O 11. Nd2 a5 12. O-O a4 13. Nc4 Qa6 14. Bc2 b5 15.
Nd2 b4 16. d4 Nd7 17. e5 cxd4 18. cxd4 dxe5 19. d5 Nd4 20. Bxd4 exd4 21. Bd3
Qf6 22. Rac1 Rac8 23. Rxc8 Rxc8 24. Qg4 Rd8 25. f4 Nc5 26. Ne4 Nxe4 27. Bxe4 d3
28. Qf3 d2 29. b3 axb3 30. axb3 Rc8 31. Qd3 Qb2 32. f5 Rc1 33. Bf3 Qd4+ 34.
Qxd4 Bxd4+ 0-1

[Event "Mechanics' Fall TNM; 30/90, SD/30"]
[Site "San Francisco"]
[Date "2010.12.14"]
[Round "9.14"]
[White "Standen, Julian"]
[Black "Chernobilskiy, Mikhail"]
[Result "0-1"]
[WhiteElo "1699"]
[BlackElo "1842"]
[PlyCount "90"]
[EventDate "2010.??.??"]

1. d4 f5 2. Nf3 d6 3. Bf4 Nf6 4. e3 Nh5 5. Bc4 Nxf4 6. exf4 g6 7. Nbd2 Bg7 8.
c3 d5 9. Bd3 Nd7 10. Ne5 Nxe5 11. dxe5 e6 12. Nf3 c5 13. O-O O-O 14. Qe2 c4 15.
Bc2 a5 16. a4 Qc7 17. Qe3 Bd7 18. Rfe1 Rfc8 19. Nd4 Bf8 20. Reb1 Bc5 21. h4 b5
22. axb5 Bxd4 23. cxd4 Bxb5 24. Qc3 a4 25. Rd1 Rcb8 26. Rd2 Be8 27. Ra3 Qe7 28.
g3 h6 29. Bd1 g5 30. fxg5 hxg5 31. hxg5 Qxg5 32. f4 Qe7 33. Rh2 Qb4 34. Qe3 Rb7
35. Rc3 Raa7 36. Ra3 Rh7 37. Rxh7 Rxh7 38. Qc3 Rb7 39. Kf1 Qxb2 40. Qxb2 Rxb2
41. Bxa4 Bxa4 42. Rxa4 Rd2 43. Ra7 Rxd4 44. Re7 c3 45. Rc7 Rd3 0-1

[Event "Mechanics' Fall TNM; 30/90, SD/30"]
[Site "San Francisco"]
[Date "2010.11.09"]
[Round "4.9"]
[White "Standen, Julian"]
[Black "Grey, Peter"]
[Result "1/2-1/2"]
[WhiteElo "1699"]
[BlackElo "2016"]
[PlyCount "88"]
[EventDate "2010.??.??"]

1. d4 Nf6 2. Nf3 g6 3. c3 Bg7 4. Bg5 d6 5. Nbd2 O-O 6. e4 c5 7. dxc5 dxc5 8.
Be2 Nc6 9. O-O Qc7 10. Qc2 Rd8 11. Rfd1 Be6 12. Bc4 Bxc4 13. Nxc4 h6 14. Bh4
Nh5 15. Ne3 g5 16. Bg3 Nxg3 17. hxg3 e6 18. g4 Rxd1+ 19. Rxd1 Rd8 20. g3 b5 21.
Kf1 Rd7 22. Ke2 Qd8 23. Rxd7 Qxd7 24. Qd2 Qxd2+ 25. Kxd2 Kf8 26. Nc2 Ke7 27.
Ne3 Kd6 28. Ke2 c4 29. Kd2 Kc5 30. b3 cxb3 31. axb3 a5 32. Kc2 b4 33. cxb4+
Kxb4 34. Nd1 Kc5 35. Kd2 Kb4 36. Kc2 Bf6 37. Ne3 Bd8 38. Nd1 f6 39. Ne1 Kb5 40.
Nd3 e5 41. f3 Nb4+ 42. Kd2 Nxd3 43. Kxd3 Kb4 44. Kc2 a4 1/2-1/2

[Event "Mechanics' Fall TNM; 30/90, SD/30"]
[Site "San Francisco"]
[Date "2010.11.30"]
[Round "7.15"]
[White "Standen, Julian"]
[Black "Leavens, Weston"]
[Result "1/2-1/2"]
[WhiteElo "1699"]
[BlackElo "1843"]
[PlyCount "96"]
[EventDate "2010.??.??"]

1. d4 f5 2. Nf3 Nf6 3. Bf4 d6 4. e3 c6 5. Bc4 Nh5 6. Nbd2 Nxf4 7. exf4 d5 8.
Bd3 e6 9. Ne5 g6 10. c3 Nd7 11. Nxd7 Bxd7 12. Nf3 Bd6 13. g3 Qb6 14. b4 O-O 15.
O-O a5 16. a3 Ra7 17. Qe2 h6 18. Ne5 Bxe5 19. Qxe5 Qd8 20. c4 Qb8 21. Qe1 Qc7
22. c5 axb4 23. axb4 Rfa8 24. Qc3 b5 25. Bc2 Ra6 26. Rxa6 Rxa6 27. Ra1 Qa7 28.
Rxa6 Qxa6 29. Qb2 Be8 30. h4 Qa8 31. Kg2 Qd8 32. Qa1 Qf6 33. Qc3 g5 34. fxg5
hxg5 35. hxg5 Qxg5 36. f4 Qg4 37. Qf3 Qg7 38. Qe3 Qf6 39. Bd1 Kg7 40. Qe5 Qxe5
41. fxe5 Kh6 42. Kf2 Bh5 43. Bc2 Kg5 44. Ke3 Bg4 45. Bd3 Bh3 46. Be2 Bg4 47.
Bf1 Bh5 48. Bh3 Bg4 1/2-1/2

[Event "Mechanics' Fall TNM; 30/90, SD/30"]
[Site "San Francisco"]
[Date "2010.11.16"]
[Round "5.10"]
[White "Standen, Julian"]
[Black "Ramachandran, Jayakrishnan"]
[Result "1/2-1/2"]
[WhiteElo "1699"]
[BlackElo "1898"]
[PlyCount "62"]
[EventDate "2010.??.??"]

1. d4 Nf6 2. Nf3 e6 3. Bg5 d5 4. e3 Nbd7 5. c3 c6 6. Nbd2 Qc7 7. Bd3 Bd6 8. O-O
O-O 9. Rc1 h6 10. Bxf6 Nxf6 11. c4 Re8 12. c5 Bf8 13. Ne5 Nd7 14. Nxd7 Bxd7 15.
f4 f5 16. Nf3 Be7 17. Ne5 Bf6 18. Qh5 Rf8 19. Kh1 Be8 20. Qh3 a5 21. Rg1 h5 22.
Qf3 g5 23. g3 g4 24. Qe2 Qe7 25. Rg2 Bxe5 26. fxe5 Bg6 27. Qc2 Kg7 28. Rf1 Rh8
29. Rgf2 h4 30. Kg2 h3+ 31. Kg1 Qc7 1/2-1/2

[Event "Mechanics' Fall TNM; 30/90, SD/30"]
[Site "San Francisco"]
[Date "2010.10.20"]
[Round "1.6"]
[White "Standen, Julian"]
[Black "Traub, Igor"]
[Result "0-1"]
[WhiteElo "1699"]
[BlackElo "2119"]
[PlyCount "44"]
[EventDate "2010.??.??"]

1. d4 d5 2. Bf4 c5 3. dxc5 Nc6 4. Nf3 Bg4 5. Nbd2 f6 6. c3 e5 7. Bg3 Bxc5 8. h3
Be6 9. e4 Nge7 10. Be2 a5 11. O-O Qd7 12. Qc2 Rd8 13. Rad1 Qc8 14. Bd3 dxe4 15.
Nxe4 Ba7 16. Rd2 O-O 17. Bb5 Rxd2 18. Nexd2 Rd8 19. Rd1 Nf5 20. Kf1 Nxg3+ 21.
fxg3 Nb4 22. Qa4 Qc5 0-1

[Event "Mechanics' Fall TNM; 30/90, SD/30"]
[Site "San Francisco"]
[Date "2010.12.07"]
[Round "8.18"]
[White "Starr, Albert"]
[Black "Chamberlain, Ethan"]
[Result "0-1"]
[WhiteElo "1494"]
[BlackElo "1703"]
[PlyCount "112"]
[EventDate "2010.??.??"]

1. b4 d5 2. e3 e5 3. Bb2 Bd6 4. Nf3 Bg4 5. Be2 Nd7 6. b5 Ngf6 7. O-O O-O 8. d3
Re8 9. Nbd2 Qe7 10. c4 c6 11. a4 Nc5 12. d4 exd4 13. Nxd4 Bd7 14. cxd5 Nxd5 15.
Nc4 Ne4 16. Nxd6 Qxd6 17. bxc6 bxc6 18. g3 Bh3 19. Re1 Qh6 20. Bg4 Nxf2 21.
Kxf2 Nxe3 22. Nf5 (22. Rxe3 Qxe3#) 22... Nxf5 23. Bxf5 Bxf5 24. Qf3 Qxh2+ 25.
Qg2 Qxg2+ 26. Kxg2 Be4+ 27. Kf2 Rab8 28. Bd4 a6 29. a5 Rb3 30. Re3 Rxe3 31.
Bxe3 Re5 32. Rd1 Rf5+ 33. Bf4 Bd5 34. Ke3 g5 35. Bc7 Kg7 36. Rc1 Kg6 37. Kd4
Rf3 38. Kc5 Rb3 39. Kd6 Rxg3 40. Rb1 Rb3 41. Rxb3 Bxb3 42. Kxc6 Bc4 43. Kc5 Bb5
44. Kd4 Kf5 45. Ke3 Kg4 46. Kf2 f5 47. Kg1 f4 48. Bb6 Kf3 49. Bf2 g4 50. Bh4 g3
51. Bg5 Kg4 52. Bh6 f3 53. Be3 h5 54. Kh1 f2 55. Bxf2 gxf2 56. Kh2 Kg5 (56...
f1=Q {stalemate}) 0-1

[Event "Mechanics' Fall TNM; 30/90, SD/30"]
[Site "San Francisco"]
[Date "2010.11.03"]
[Round "3.23"]
[White "Starr, Albert"]
[Black "Litowsky, Daniel"]
[Result "0-1"]
[WhiteElo "1494"]
[BlackElo "1700"]
[PlyCount "68"]
[EventDate "2010.??.??"]

1. b4 d5 2. Bb2 Nf6 3. e3 Bf5 4. Nf3 Nbd7 5. Be2 h6 6. O-O e6 7. b5 Bd6 8. d3
O-O 9. Nbd2 a6 10. a4 c6 11. c4 axb5 12. axb5 Qc7 13. g3 Nc5 14. Nb3 Rxa1 15.
Nxa1 Rd8 16. d4 dxc4 17. dxc5 Bxc5 18. Qa4 cxb5 19. Qxb5 Bd3 20. Bxd3 cxd3 21.
Bd4 Bxd4 22. Nxd4 e5 23. Ndb3 e4 24. Nd4 Ra8 25. Nab3 Ra2 26. Rd1 Qe7 27. Rd2
Qa3 28. Rxa2 Qxa2 29. Qa5 Qxa5 30. Nxa5 d2 31. Nxb7 d1=Q+ 32. Kg2 Qd2 33. h3
Nd5 34. Nd6 Nxe3+ 0-1

[Event "Mechanics' Fall TNM; 30/90, SD/30"]
[Site "San Francisco"]
[Date "2010.10.20"]
[Round "1.18"]
[White "Starr, Albert"]
[Black "Wang, Yuan"]
[Result "0-1"]
[WhiteElo "1494"]
[BlackElo "1894"]
[PlyCount "120"]
[EventDate "2010.??.??"]

1. b4 d5 2. e3 Nf6 3. Bb2 Bf5 4. Nf3 e6 5. b5 Be7 6. Be2 O-O 7. O-O c5 8. c4 a6
9. a4 Nbd7 10. d3 Qc7 11. Nbd2 Rfe8 12. Ra3 Bg6 13. Qa1 Bd6 14. g3 e5 15. cxd5
Nxd5 16. Nc4 Nb4 17. Rc1 axb5 18. axb5 Rxa3 19. Qxa3 Nb6 20. Nxd6 Qxd6 21. e4
f6 22. Nh4 Ra8 23. Qb3+ Bf7 24. Qd1 g6 25. Ng2 Rd8 26. Ne1 Be8 27. Rb1 Bxb5 28.
Qb3+ Kg7 29. Ba3 Na4 30. Bxb4 cxb4 31. Qxb4 Qxb4 32. Rxb4 Nc3 33. Bf1 Ba6 34.
f3 Kf7 35. Kf2 Ke7 36. Ke3 Nb5 37. Nc2 Rc8 38. Rc4 Rd8 39. Nb4 Nd4 40. Nxa6
bxa6 41. Rc7+ Rd7 42. Rxd7+ Kxd7 43. f4 Kd6 44. fxe5+ fxe5 45. h3 Kc5 46. Kd2
Kb4 47. Kc1 Kc3 48. Kb1 g5 49. g4 Nc2 50. Ka2 Ne3 51. Be2 Kd2 52. Bf3 Kxd3 53.
Kb3 Kd2 54. Kb4 Ke1 55. Ka5 Kf2 56. Bh1 Nf1 57. Kxa6 Ng3 58. Kb5 Nxh1 59. Kc4
Ke3 60. Kd5 Kf4 0-1

[Event "Mechanics' Fall TNM; 30/90, SD/30"]
[Site "San Francisco"]
[Date "2010.11.16"]
[Round "5.21"]
[White "Thomas, Melvin"]
[Black "Montoya, Daniel"]
[Result "1-0"]
[WhiteElo "1613"]
[BlackElo "1483"]
[PlyCount "43"]
[EventDate "2010.??.??"]

1. d4 d5 2. c4 dxc4 3. Qa4+ Nc6 4. Nf3 Bg4 5. Nbd2 Nf6 6. Qxc4 e6 7. g3 Bb4 (
7... Bd6 8. Bg2 O-O 9. O-O Qe7 10. e4 e5) (7... Be7 8. Bg2 O-O 9. O-O Nd5 10.
e4 Nb6 11. Qd3) 8. Bg2 Bxf3 9. Bxf3 Nxd4 10. Bxb7 Rb8 11. Bc6+ Nxc6 12. Qxc6+
Ke7 13. Qc2 Qd5 14. O-O Rhd8 15. Nf3 h6 16. Qxc7+ Kf8 17. Qxa7 Bc5 18. Qa4 Ra8
19. Qh4 Rxa2 20. Rxa2 Qxa2 21. Bxh6 Rd5 22. Qxf6 1-0

[Event "Mechanics' Fall TNM; 30/90, SD/30"]
[Site "San Francisco"]
[Date "2010.11.03"]
[Round "3.21"]
[White "Thomas, Melvin"]
[Black "Newey, Richard"]
[Result "0-1"]
[WhiteElo "1613"]
[BlackElo "1744"]
[PlyCount "85"]
[EventDate "2010.??.??"]

1. d4 d5 2. c4 dxc4 3. Qa4+ Bd7 4. Qxc4 e6 5. Nf3 Nf6 6. g3 Na6 7. a3 c5 8. Bg2
cxd4 9. O-O Rc8 10. Qxd4 Bc5 11. Qd1 Qb6 12. b4 Be7 13. Be3 Qc7 14. Qd4 O-O 15.
Rc1 Qd8 16. Ne5 Rxc1+ 17. Bxc1 Bc6 18. Nxc6 bxc6 19. Qxd8 Rxd8 20. Nc3 Nd5 21.
Na4 Bf6 22. Bb2 Bxb2 23. Nxb2 Kf8 24. Rc1 Nb8 25. Nc4 Nd7 26. Nd6 Ke7 27. Nb7
Rc8 28. e4 N5b6 29. f4 e5 30. Bh3 Rc7 31. Na5 c5 32. b5 f6 33. Nc6+ Ke8 34. Bf1
a6 35. fxe5 fxe5 36. Kg2 Kf7 37. Kf3 Kf6 38. Nd4 $4 exd4 39. bxa6 c4 40. Kf4
g5+ 41. Kf3 Ne5+ 42. Ke2 Na4 43. Bg2 0-1

[Event "Mechanics' Fall TNM; 30/90, SD/30"]
[Site "San Francisco"]
[Date "2010.10.20"]
[Round "1.15"]
[White "Todortsev, Victor"]
[Black "Allen, Tom"]
[Result "1-0"]
[WhiteElo "1922"]
[BlackElo "1530"]
[PlyCount "69"]
[EventDate "2010.??.??"]

1. e4 e5 2. Nf3 Nc6 3. Bc4 Nf6 4. Ng5 d5 5. exd5 Na5 6. Bb5+ c6 7. dxc6 bxc6 8.
Ba4 h6 9. Nf3 e4 10. Qe2 Be7 11. Ne5 Qd5 12. d4 exd3 13. cxd3 O-O 14. O-O Re8
15. Nc3 Qc5 16. d4 Qb6 17. Re1 Bd6 18. Be3 Ba6 19. Qc2 Qc7 20. f4 Bb4 21. Rac1
Bxc3 22. bxc3 Nd5 23. Bd2 Nb6 24. Bb3 Nac4 25. a4 Nxe5 26. fxe5 Nc4 27. Bf4 Qd7
28. Qe4 Qe6 29. Bc2 g5 30. Qh7+ Kf8 31. Bg3 Bc8 32. Rf1 Ne3 33. Rf6 Qd5 34. Be4
Qa2 35. Qxh6+ {1-0 Todortsev,V-Allen,T} 1-0

[Event "Mechanics' Fall TNM; 30/90, SD/30"]
[Site "San Francisco"]
[Date "2010.11.30"]
[Round "7.13"]
[White "Todortsev, Victor"]
[Black "Chernobilskiy, Mikhail"]
[Result "1-0"]
[WhiteElo "1922"]
[BlackElo "1842"]
[PlyCount "65"]
[EventDate "2010.??.??"]

1. d4 d5 2. c4 c6 3. e3 Nf6 4. Nc3 e6 5. Nf3 Nbd7 6. Bd3 Be7 7. O-O O-O 8. b3
a6 9. Bb2 b5 10. cxb5 cxb5 11. Rc1 Bb7 12. Qc2 Rc8 13. Qb1 Re8 14. Ne5 Bd6 15.
f4 g6 16. Rf3 Nb6 17. Rg3 b4 18. Bxg6 fxg6 19. Rxg6+ Kf8 (19... hxg6 20. Qxg6+
Kh8 21. Nf7#) 20. Rh6 bxc3 21. Rxh7 Ne4 22. Bxc3 Rc7 23. Rxc7 Bxc7 24. Bb4+ Bd6
25. Ba5 Bc7 26. Qc2 Na8 $4 (26... Bxe5 27. dxe5 d4 28. Qc7 Qxc7 29. Rxc7 Nd5
30. Rxb7 Rc8 $19) 27. Bxc7 Nxc7 28. Qxc7 Qxc7 29. Rxc7 Bc8 30. g4 Nd6 31. h4
Nb5 32. Ng6+ Kg8 33. Rxc8 1-0

[Event "Mechanics' Fall TNM; 30/90, SD/30"]
[Site "San Francisco"]
[Date "2010.11.16"]
[Round "5.6"]
[White "Todortsev, Victor"]
[Black "Rumph, Todd"]
[Result "0-1"]
[WhiteElo "1922"]
[BlackElo "2051"]
[PlyCount "74"]
[EventDate "2010.??.??"]

1. Nf3 d5 2. g3 Nf6 3. Bg2 c5 4. c4 e6 5. O-O Nc6 6. Na3 Be7 7. d3 O-O 8. Nb5
a6 9. Nc3 d4 10. Nb1 e5 11. Nbd2 h6 12. a3 Be6 13. b3 Qc7 14. e3 dxe3 15. fxe3
Rad8 16. Qe2 Qd7 17. Ne1 Ng4 18. h3 Nd4 19. exd4 Qxd4+ 20. Kh1 Qxa1 21. Nef3
Nf6 22. Nxe5 Bd6 23. Ndf3 Nh5 24. Kh2 Qc3 25. g4 f6 26. gxh5 fxe5 27. Kh1 Bf5
28. Rd1 e4 29. dxe4 Bxh3 30. e5 Bxg2+ 31. Kxg2 Be7 32. Rxd8 Rxd8 33. Bf4 Qd3
34. Kf2 Qf5 35. Kg3 Rd3 36. b4 Bh4+ 37. Kg2 Qg4+ 0-1

[Event "Mechanics' Fall TNM; 30/90, SD/30"]
[Site "San Francisco"]
[Date "2010.12.14"]
[Round "9.6"]
[White "Todortsev, Victor"]
[Black "Shakhnazarov, Oleg"]
[Result "0-1"]
[WhiteElo "1922"]
[BlackElo "2165"]
[PlyCount "74"]
[EventDate "2010.??.??"]

1. d4 Nf6 2. c4 e6 3. Nc3 Bb4 4. Qc2 b6 5. e4 Bb7 6. Bd3 c5 7. d5 exd5 8. exd5
O-O 9. Nge2 b5 10. b3 Na6 11. a3 Bxa3 12. Bxa3 b4 13. Bb2 bxc3 14. Bxc3 Nb4 15.
Bxb4 cxb4 16. O-O d6 17. Nd4 g6 18. Qd2 Qb6 19. Qf4 Nh5 20. Qh4 Rae8 21. Nf5
Re5 22. Rfe1 Rfe8 23. Rxe5 Rxe5 24. Ne3 Bc8 (24... Rxe3 25. fxe3 Qxe3+ 26. Qf2
Qxd3 27. Qxa7 Nf4 28. Qxb7 $4 Qd4+) 25. Nc2 a5 26. Nd4 Bd7 27. Nf3 Re8 28. Nd4
a4 29. bxa4 b3 30. a5 b2 31. Rb1 Qxa5 32. Nf3 Qc3 33. Bf1 Bf5 34. Rd1 b1=Q 35.
Rxb1 Bxb1 36. Qh3 Bf5 37. g4 Bd7 0-1

[Event "Mechanics' Fall TNM; 30/90, SD/30"]
[Site "San Francisco"]
[Date "2010.11.02"]
[Round "3.4"]
[White "Todortsev, Victor"]
[Black "Traub, Igor"]
[Result "0-1"]
[WhiteElo "1922"]
[BlackElo "2119"]
[PlyCount "86"]
[EventDate "2010.??.??"]

1. e4 e6 2. d4 Be7 3. f4 d5 4. e5 c5 5. c3 Nc6 6. Nf3 Nh6 7. Bd3 Qb6 8. O-O Ng4
9. Kh1 h5 10. Qe2 cxd4 11. a3 g6 12. b4 a6 13. b5 axb5 14. Bxb5 dxc3 15. Nxc3
Bd7 16. Na4 Qa7 17. Bd2 Rc8 18. g3 Kf8 19. Kg2 Nd4 20. Nxd4 Bxb5 21. Nxb5 Qxa4
22. h3 Nh6 23. Nd6 Rc2 24. Rfc1 Nf5 25. Rxc2 Qxc2 26. Rc1 Qa2 27. Rc8+ Kg7 28.
Ne8+ Rxe8 29. Rxe8 Qxa3 30. Be1 d4 31. g4 Ne3+ 32. Kh2 hxg4 33. hxg4 Nd5 34.
Bg3 d3 35. Qd2 Bb4 36. Qg2 Qa4 37. Rb8 Qc2 38. f5 Qxg2+ 39. Kxg2 d2 40. f6+ Kh7
41. Rxb7 d1=Q 42. Rxf7+ Kh8 43. Rb7 Ne3+ 0-1

[Event "Mechanics' Fall TNM; 30/90, SD/30"]
[Site "San Francisco"]
[Date "2010.12.07"]
[Round "8.1"]
[White "Traub, Igor"]
[Black "Bambou, Christophe"]
[Result "1/2-1/2"]
[WhiteElo "2119"]
[BlackElo "2093"]
[PlyCount "82"]
[EventDate "2010.??.??"]

1. Nf3 Nf6 2. g3 g6 3. d3 Bg7 4. e4 d6 5. Bg2 c5 6. h3 Nc6 7. c3 O-O 8. a4 Qc7
9. Na3 a6 10. O-O Rb8 11. Qe2 b5 12. axb5 axb5 13. Bd2 Nd7 14. Nh4 Na5 15. Bg5
Re8 16. Nc2 b4 17. cxb4 cxb4 18. Ne3 e6 19. Rac1 Qb6 20. Ng4 Nb3 21. Rcd1 Nd4
22. Qd2 Ba6 23. Nh6+ Kf8 24. Ng4 Kg8 25. Bh6 Bh8 26. Be3 Ne5 27. Nxe5 dxe5 28.
Nf3 Nxf3+ 29. Bxf3 Qd6 30. h4 Red8 31. Be2 Rbc8 32. h5 b3 33. hxg6 hxg6 34. Rc1
Bf6 35. Rc3 Rxc3 36. Qxc3 Qb8 37. Rc1 Qb5 38. Qc4 Qb7 39. Qc3 Qb5 40. Qc4 Qb7
41. Qc3 Qb5 1/2-1/2

[Event "Mechanics' Fall TNM; 30/90, SD/30"]
[Site "San Francisco"]
[Date "2010.12.14"]
[Round "9.2"]
[White "Traub, Igor"]
[Black "Fuentes, Romulo"]
[Result "1-0"]
[WhiteElo "2119"]
[BlackElo "2235"]
[PlyCount "62"]
[EventDate "2010.??.??"]

1. e4 c5 2. Nf3 d6 3. g3 Nc6 4. Bg2 g6 5. O-O Bg7 6. d3 h5 7. h3 Nh6 8. c3 Bd7
9. Nh4 Qc8 10. Kh2 Bf6 11. Nf3 h4 12. d4 hxg3+ 13. fxg3 Ng8 14. h4 Qc7 15. e5
dxe5 16. d5 Na5 17. Na3 e4 18. Bf4 Qb6 19. Ne5 Bxe5 20. Bxe5 f6 21. b4 cxb4 22.
cxb4 Qxb4 23. Nc2 Qa4 24. Bd4 g5 25. Bxe4 gxh4 26. Bg6+ Kd8 27. g4 Nh6 28. Rf4
Nc4 29. Rb1 Qa6 30. Bc5 Ne5 31. Bh5 Qa5 {Both scoresheets are impossible to
read at this point. Black is winning but White later outplayed him in mutual
time pressure.} 1-0

[Event "Mechanics' Fall TNM; 30/90, SD/30"]
[Site "San Francisco"]
[Date "2010.11.23"]
[Round "6.2"]
[White "Traub, Igor"]
[Black "Gray, William"]
[Result "1/2-1/2"]
[WhiteElo "2119"]
[BlackElo "2006"]
[PlyCount "52"]
[EventDate "2010.??.??"]

1. e4 d5 2. exd5 Qxd5 3. d4 Nf6 4. Nc3 Qd6 5. Nb5 Qb6 6. c4 c6 7. Nc3 Bg4 8. f3
Bf5 9. Nge2 Nbd7 10. Ng3 Bg6 11. Be2 e5 12. d5 Rd8 13. Na4 Qa5+ 14. Bd2 Bb4 15.
Nc3 cxd5 16. a3 Bxc3 17. Bxc3 Qc5 18. Bb4 Qc6 19. O-O a5 20. cxd5 Qb6+ 21. Kh1
axb4 22. f4 bxa3 23. bxa3 exf4 24. Rxf4 Qd6 25. Rb4 O-O 26. Rxb7 Nc5 {
Both scores disintegrate around here. Black is easily winning but got very low
on time.} 1/2-1/2

[Event "Mechanics' Fall TNM; 30/90, SD/30"]
[Site "San Francisco"]
[Date "2010.11.09"]
[Round "4.2"]
[White "Traub, Igor"]
[Black "Shakhnazarov, Oleg"]
[Result "1-0"]
[WhiteElo "2119"]
[BlackElo "2165"]
[PlyCount "49"]
[EventDate "2010.??.??"]

1. e4 e5 2. Nf3 Nc6 3. d4 exd4 4. Nxd4 Qe7 5. Nc3 Nf6 6. Bg5 Qe5 7. Bxf6 gxf6
8. Nf3 Qa5 9. Nd2 Qg5 10. Nd5 Kd8 11. Qf3 Bg7 12. O-O-O d6 13. h4 Qh6 14. Kb1
Be6 15. Nc4 Ne5 16. Qb3 Bxd5 17. Rxd5 Nxc4 18. Bxc4 Rb8 19. Rf5 Re8 20. f3 Qd2
21. g4 c6 22. Bxf7 Re7 23. c4 Rxf7 24. Rd1 Qe2 25. c5 {remainder illegible} 1-0

[Event "Mechanics' Fall TNM; 30/90, SD/30"]
[Site "San Francisco"]
[Date "2010.10.26"]
[Round "2.6"]
[White "Traub, Igor"]
[Black "Shnaiderman, Lazar"]
[Result "1-0"]
[WhiteElo "2119"]
[BlackElo "1862"]
[PlyCount "89"]
[EventDate "2010.??.??"]

1. Nf3 c5 2. d3 Nc6 3. e4 e5 4. Nc3 d6 5. Be2 g6 6. Nd5 Bg7 7. Bg5 f6 8. Be3
Nge7 9. Nxe7 Qxe7 10. c3 O-O 11. O-O b6 12. Qd2 Ba6 13. a4 Rad8 14. b4 Bc8 15.
d4 exd4 16. cxd4 Nxb4 17. Bc4+ Kh8 18. Rfe1 a5 19. Rac1 Ba6 20. Bxa6 Nxa6 21.
Qe2 Nb4 22. Bf4 Qd7 23. Ra1 Rfe8 24. h4 Qa7 25. h5 g5 26. Bg3 h6 27. Rad1 Qf7
28. dxc5 dxc5 29. Rxd8 Rxd8 30. Qb5 Qb7 31. e5 Qc6 32. exf6 Qxf6 33. Be5 Qc6
34. Bxg7+ Kxg7 35. Re7+ Kh8 36. Qxc6 Nxc6 37. Re6 Rd1+ 38. Kh2 Nd4 39. Rxh6+
Kg7 40. Rg6+ Kh8 41. Nxg5 c4 42. h6 Nf5 43. Rxb6 Ne7 44. Rb8+ Ng8 45. h7 1-0

[Event "Mechanics' Fall TNM; 30/90, SD/30"]
[Site "San Francisco"]
[Date "2010.10.26"]
[Round "2.15"]
[White "Trestor, David"]
[Black "Alzhin, Leonid"]
[Result "0-1"]
[WhiteElo "1790"]
[BlackElo "1525"]
[PlyCount "38"]
[EventDate "2010.??.??"]

1. e4 e5 2. Nf3 Nc6 3. Bb5 Nf6 4. Qe2 Be7 5. c3 O-O 6. O-O d6 7. d4 a6 8. Ba4
Bd7 9. Rd1 Nxd4 10. cxd4 Bxa4 11. b3 Bb5 12. Qc2 exd4 13. Nxd4 Bd7 14. Nc3 c6
15. h3 Qc7 16. Bf4 Qc8 17. Rd3 c5 18. Nf5 Bxf5 19. exf5 Qxf5 0-1

[Event "Mechanics' Fall TNM; 30/90, SD/30"]
[Site "San Francisco"]
[Date "2010.11.30"]
[Round "7.11"]
[White "Wang, Yuan"]
[Black "Dembling, Arthur"]
[Result "0-1"]
[WhiteElo "1894"]
[BlackElo "1775"]
[PlyCount "74"]
[EventDate "2010.??.??"]

1. e4 e6 2. d4 d5 3. Nc3 Nf6 4. e5 Nfd7 5. f4 c5 6. Nf3 Nc6 7. Be3 cxd4 8. Nxd4
Nxd4 9. Bxd4 a6 10. Qg4 Qc7 11. Bd3 g6 12. h4 h5 13. Qf3 b5 14. O-O-O Bb7 15.
g4 b4 16. Ne2 a5 17. Kb1 Ba6 18. gxh5 Bxd3 19. Qxd3 Rxh5 20. Ng3 Rh8 21. h5
gxh5 22. Nxh5 O-O-O 23. Ng3 Bc5 24. Ne2 Qb6 25. Bxc5 Nxc5 26. Qe3 Kb7 27. Nd4
Ne4 28. Qd3 a4 29. Ne2 Rc8 30. Ng3 Nc3+ 31. Ka1 Nxd1 32. Rxh8 Rxh8 33. Qxd1 Qe3
34. Ne4 Qxf4 35. Nd6+ Kb8 36. Qe1 Rh2 37. Nxf7 Qe4 0-1

[Event "Mechanics' Fall TNM; 30/90, SD/30"]
[Site "San Francisco"]
[Date "2010.11.09"]
[Round "4.5"]
[White "Wang, Yuan"]
[Black "Margulis, Igor"]
[Result "0-1"]
[WhiteElo "1894"]
[BlackElo "2100"]
[PlyCount "23"]
[EventDate "2010.??.??"]

1. e4 c5 2. Nc3 Nc6 3. f4 g6 4. Nf3 Bg7 5. Bb5 Nd4 6. Bd3 d6 7. Nxd4 cxd4 8.
Ne2 Nf6 9. O-O O-O 10. b3 e5 11. Bb2 Nd7 12. Ng3 {remainder illegible} 0-1

[Event "Mechanics' Fall TNM; 30/90, SD/30"]
[Site "San Francisco"]
[Date "2010.10.26"]
[Round "2.5"]
[White "Wang, Yuan"]
[Black "Shakhnazarov, Oleg"]
[Result "0-1"]
[WhiteElo "1894"]
[BlackElo "2165"]
[PlyCount "42"]
[EventDate "2010.??.??"]

1. e4 e5 2. Nf3 Nc6 3. Bb5 a6 4. Ba4 Nf6 5. O-O b5 6. Bb3 Be7 7. Re1 O-O 8. c3
Na5 9. Bc2 d5 10. Nxe5 dxe4 11. Bxe4 Nxe4 12. Rxe4 f6 13. Nf3 c5 14. d4 Re8 15.
Bf4 Bf5 16. Re3 Nc4 17. Re2 Qd7 18. b3 Nb6 19. Nbd2 Nd5 20. Be3 Nxc3 21. Qf1
Bd3 0-1

[Event "Mechanics' Fall TNM; 30/90, SD/30"]
[Site "San Francisco"]
[Date "2010.12.07"]
[Round "8.15"]
[White "Wang, Yuan"]
[Black "Standen, Julian"]
[Result "1/2-1/2"]
[WhiteElo "1894"]
[BlackElo "1699"]
[PlyCount "56"]
[EventDate "2010.??.??"]

1. e4 c6 2. d4 d5 3. Nc3 dxe4 4. Nxe4 Nd7 5. Nf3 Ngf6 6. Ng3 e6 7. Bd3 c5 8.
O-O Be7 9. Bg5 O-O 10. Qe2 h6 11. Bxf6 Nxf6 12. Rad1 Qc7 13. Ne4 Bd7 14. Nxf6+
Bxf6 15. Qe4 g6 16. Rfe1 Bc6 17. Qe3 Bxf3 18. Qxf3 Bxd4 19. Qg4 Bg7 20. h4 h5
21. Qg5 Rad8 22. g4 Rd5 23. Qe3 Rfd8 24. Be2 hxg4 25. Bxg4 Rxd1 26. Rxd1 Rxd1+
27. Bxd1 Qe5 28. Qxe5 Bxe5 1/2-1/2

[Event "Mechanics' Fall TNM; 30/90, SD/30"]
[Site "San Francisco"]
[Date "2010.11.16"]
[Round "5.8"]
[White "Wong, Russell"]
[Black "Abraham, Renjish"]
[Result "1-0"]
[WhiteElo "2200"]
[BlackElo "1821"]
[PlyCount "81"]
[EventDate "2010.??.??"]

1. e4 c5 2. Nf3 d6 3. d4 cxd4 4. Nxd4 Nf6 5. Nc3 g6 6. Be3 a6 7. f3 Bg7 8. Qd2
Bd7 9. g4 h5 10. g5 Nh7 11. Bc4 Nc6 12. h4 Na5 13. Bb3 Nf8 14. Nd5 Bc6 15. Nxc6
bxc6 16. Bb6 Nxb3 17. cxb3 Qc8 18. Nc7+ Kd7 19. Nxa8 Qxa8 20. Bd4 Bxd4 21. Qxd4
Ne6 22. Qc4 Qa7 23. O-O-O Rb8 24. Kb1 Rb5 25. Qc3 Qb8 26. Rc1 c5 27. Rhd1 Nd4
28. Rxd4 cxd4 29. Qxd4 e5 30. Qc4 Ke7 31. Qd3 Qb6 32. Rf1 Rb4 33. Rc1 Rb5 34.
Qd2 Rc5 35. Rxc5 Qxc5 36. a3 Qb5 37. Qc3 Qb6 38. Ka2 Ke6 39. f4 Qc5 40. f5+
gxf5 41. exf5+ 1-0

[Event "Mechanics' Fall TNM; 30/90, SD/30"]
[Site "San Francisco"]
[Date "2010.11.09"]
[Round "4.13"]
[White "Wong, Russell"]
[Black "Harris, John"]
[Result "1-0"]
[WhiteElo "2200"]
[BlackElo "1596"]
[PlyCount "83"]
[EventDate "2010.??.??"]

1. e4 e5 2. Nf3 Nf6 3. d3 d5 4. exd5 Qxd5 5. Nc3 Bb4 6. Bd2 Bxc3 7. Bxc3 Nc6 8.
Be2 Bg4 9. O-O O-O-O 10. h3 Bh5 11. Nxe5 Bxe2 12. Qxe2 Rhe8 13. f4 Nd7 14. Qf2
Ndxe5 15. fxe5 Nxe5 16. Bxe5 Rxe5 17. Qxf7 Qd4+ 18. Qf2 Re2 19. Qxd4 Rxd4 20.
Rf2 Re7 21. Raf1 Rd6 22. Rf7 Rde6 23. Rf8+ Kd7 24. R1f2 Kc6 25. g3 a5 26. Kg2
b6 27. R8f7 Kd6 28. Rxe7 Rxe7 29. h4 Kc6 30. g4 h6 31. Kg3 Kd6 32. h5 Kc6 33.
Kh4 Re5 34. Rf7 Rg5 35. Kg3 Kd6 36. Kf4 g6 37. Rf6+ Ke7 38. Rxg6 Rxg6 39. hxg6
Kf6 40. g7 Kxg7 41. Kf5 Kf7 42. d4 1-0